Immortal love of rama / (Record no. 124176)

MARC details
000 -LEADER
fixed length control field 00620nam a22002177a 4500
005 - DATE AND TIME OF LATEST TRANSACTION
control field 20170124105935.0
010 ## - LIBRARY OF CONGRESS CONTROL NUMBER
LC control number A-708530
020 ## - INTERNATIONAL STANDARD BOOK NUMBER
Terms of availability 00.00
International Standard Book Number 1897829507
035 ## - SYSTEM CONTROL NUMBER
System control number A-708530
037 ## - SOURCE OF ACQUISITION
Source of stock number/acquisition Cen Lib/Ret
040 ## - CATALOGING SOURCE
Original cataloging agency DPL
Language of cataloging EN
082 ## - DEWEY DECIMAL CLASSIFICATION NUMBER
Classification number 230.31
Item number KAN
100 ## - MAIN ENTRY--PERSONAL NAME
Personal name Kanuga, G. B
9 (RLIN) 9647
245 ## - TITLE STATEMENT
Title Immortal love of rama /
Statement of responsibility, etc by G. B. Kanuga
260 ## - PUBLICATION, DISTRIBUTION, ETC. (IMPRINT)
Place of publication, distribution, etc New Delhi
Name of publisher, distributor, etc Lancer Publishers
Date of publication, distribution, etc 1993
270 ## - ADDRESS
Address B-3, Gulmohar Park
City New Delhi
Postal code 110049
300 ## - PHYSICAL DESCRIPTION
Extent xviii,526p.
Dimensions 22cm(Hb)
650 ## - SUBJECT ADDED ENTRY--TOPICAL TERM
Topical term or geographic name as entry element Hindu religion
9 (RLIN) 110057
650 ## - SUBJECT ADDED ENTRY--TOPICAL TERM
Topical term or geographic name as entry element Hinduism
9 (RLIN) 110058
942 ## - ADDED ENTRY ELEMENTS (KOHA)
Source of classification or shelving scheme Dewey Decimal Classification
Koha item type English Books
Classification part 230.31
Call number suffix KAN
Holdings
Withdrawn status Lost status Damaged status Not for loan Home library Current library Date acquired Source of acquisition Cost, normal purchase price Total Checkouts Total Renewals Full call number Barcode Date last seen Date checked out Copy number Cost, replacement price Price effective from Koha item type
        Central Library Central Library 15/06/2015 Cen Lib/Ret 0.00 2 2 230.31 KAN A-708530 27/01/2023 16/12/2022 1 0.00 15/06/2015 English Books

© Delhi Public Library
Hit Counter
free hit counter